A mug's game (Record no. 77257)

MARC details
000 -LEADER
fixed length control field 00941cab a2200193 4500
001 - CONTROL NUMBER
control field ##L133919
008 - FIXED-LENGTH DATA ELEMENTS--GENERAL INFORMATION
fixed length control field 060620n2006 000 0 eng u
035 ## - SYSTEM CONTROL NUMBER
System control number (Sirsi) u133919
041 0# - LANGUAGE CODE
Language code of text/sound track or separate title eng
100 1# - MAIN ENTRY--PERSONAL NAME
Personal name Sweet, Rod
245 02 - TITLE STATEMENT
Title A mug's game
260 ## - PUBLICATION, DISTRIBUTION, ETC.
Date of publication, distribution, etc. 2006
490 #0 - SERIES STATEMENT
Series statement Construction Manager
Volume/sequential designation June 2006, 28-33(6)
520 ## - SUMMARY, ETC.
Summary, etc. Examines the concept of risk management in the construction industry. Although it has only developed as a discrete discipline within the last 10 years, the identification and management of potential hazards and gains is now a key element in construction projects. Looks at how a number of companies deal with risk management, and comments upon the usefulness of specialist software packages in dealing with risk management.
590 ## - LOCAL NOTE (RLIN)
Local note IKA040706 NTK
651 #4 - SUBJECT ADDED ENTRY--GEOGRAPHIC NAME
Geographic name United Kingdom
Chronological subdivision
690 ## - LOCAL SUBJECT ADDED ENTRY--TOPICAL TERM (OCLC, RLIN)
Topical term or geographic name as entry element MANAGEMENT-HEALTH AND SAFETY-HEALTH AND SAFETY RISK MANAGEMENT-PROJECT RISK MANAGEMENT
942 ## - ADDED ENTRY ELEMENTS (KOHA)
Suppress in OPAC 0
Holdings
Withdrawn status Lost status Source of classification or shelving scheme Damaged status Not for loan Home library Current library Shelving location Date acquired Total Checkouts Full call number Barcode Date last seen Copy number Price effective from Koha item type
    Dewey Decimal Classification     London London Journal article 20/06/2006   L133919 133919-1001 06/08/2019 1 06/08/2019 Journal article